| 000 | 00507nam a2200181Ia 4500 | ||
|---|---|---|---|
| 003 | IN-BaIIA | ||
| 008 | 211028s9999 xx 000 0 eng d | ||
| 020 | _a0-408-00320-0 | ||
| 040 | _cIIA Library | ||
| 080 |
_a519.68 _bCOL |
||
| 100 |
_aColin, A. _910884 |
||
| 245 | 0 |
_aProgramming for microprocessors _cA. Colin |
|
| 260 |
_aLondon _bNewnes _c1979 |
||
| 300 | _avi, 206p. | ||
| 650 |
_aMicroprocessors _99691 |
||
| 650 | _aNASA Thesaurus | ||
| 942 | _cBK | ||
| 999 |
_c6342 _d6342 |
||